000
00258nam a22001097a 4500
008
240603b |||||||| |||| 00| 0 eng d
100
_a
Sadankar Bandyopadhyay
_9
15189
245
_a
Kancha Mithe
260
_b
Gurudas Upadhyay:
300
_a
204p.
942
_c
BK
999
_c
39485
_d
39485